A qui ces lieux doivent-ils leur nom ? (3) - Statistiques

Statistiques générales
  • Ce quiz a été pris 14 fois
  • Le résultat moyen est 11 sur 25
Statistiques - réponses
Hint Extra Hint Explanation Réponse % Correct
Nicolaïesk en Russie Nicolas 1er Tsar russe
77%
Ville de Charlotte aux Etats-Unis Charlotte de Mecklembourg-Strelitz Femme du roi George III d'Angleterre
69%
Détroit de Magellan Fernand de Magellan Navigateur/explorateur portugais
69%
Ville d'Alexandrie en Egypte Fondé par Alexandre le GRAND Souverain de Macédoine
69%
Ville de Mohammedia au Maroc Mohammed V Souverain du Maroc
69%
Ville de Karlsruhe en Allemagne Charles-Guillaume III Margrave de Bade-Durlach
62%
Ville de Port Moresby Papouasie-Nouvelle-Guinée John Moresby Navigateur/explorateur britannique
62%
Département de Bolivar en Colombie Simon Bolivar Indépendantiste sud-américain
54%
Ville de Constantine en Algérie Constantin 1er Souverain romain
54%
Ville de Rome en Italie Romulus Fondateur de la ville
46%
Ville d'Oulianovsk en Russie Vladimir Ilitch Oulianov dit Lenine Homme d'Etat russe
46%
Ville de Disraeli aux Etats-Unis Benjamin Disraeli Premier ministre britannique
46%
Ile Alexandre 1er Régnant lors de la découverte Tsar russe
46%
Département de Sucre en Colombie Antonio José de Sucre Indépendantiste sud-américain
38%
Archipel des Louisiades Louis XV Souverain de France
38%
Ville de Montgomery aux Etats-Unis Richard Montgomery Général américain
31%
Ville de Castries à Sainte-Lucie Charles de la Croix, marquis de Castries Marquis français
31%
Ville de Napoléon aux Etats-Unis Napoléon 1er Souverain français
31%
Ville de Pontiac aux Etats-Unis Pondiac Chef indien
23%
Ville de Vancouver au Canada George Vancouver Navigateur/explorateur britannique
23%
Ville de Madison aux Etats-Unis James Madison Président des Etats-Unis
23%
Ville de Charleston aux Etats-Unis Charles II Souverain d'Angleterre
23%
Arrondissement du Bronx à New York Jonas Bronck Emigrant suédois du XVIIe
15%
Mer de Barents Willem Barents Navigateur/explorateur néerlandais
15%
Ville de Berkeley aux Etats-Unis George Berkeley, Evangélisateur des Indiens Philosophe irlandais
15%
Aucun quiz correspondant
Distribution des résultats
% des personnes avec chaque résultat
Percentile par nombre de réponses
Votre historique - résultats
Vous n’avez pas pris ce quiz